Commercial law / (Record no. 81280)

MARC details
000 -LEADER
fixed length control field 00586nam a22001937a 4500
005 - DATE AND TIME OF LATEST TRANSACTION
control field 20170724140546.0
010 ## - LCCN (DPL NO)
LC control number ENG-108883
020 ## - INTERNATIONAL STANDARD BOOK NUMBER
Terms of availability 190.00
International Standard Book Number 9788122506631
035 ## - SYSTEM CONTROL NUMBER
System control number EN-92416
037 ## - SOURCE OF ACQUISITION
Source of stock number/acquisition DBAD/PUB
082 ## - DEWEY DECIMAL CLASSIFICATION NUMBER
Classification number 346.5407
100 ## - MAIN ENTRY--PERSONAL NAME
Personal name Saravanavel, P.
245 ## - TITLE STATEMENT
Title Commercial law /
Statement of responsibility, etc by P. Saravanavel [and] R. K. Singh
260 ## - PUBLICATION, DISTRIBUTION, ETC. (IMPRINT)
Place of publication, distribution, etc New Delhi
Name of publisher, distributor, etc Kitab Mahal
Date of publication, distribution, etc 2013
270 ## - ADDRESS
Address 8, Hari Sadan, Ground Floor, 20, Ansari Road Daryaganj
City New Delhi
Postal code 110002
300 ## - PHYSICAL DESCRIPTION
Extent v,312p.
Dimensions 23cm(pbk)
700 ## - ADDED ENTRY--PERSONAL NAME
Personal name Singh, R. K.
942 ## - ADDED ENTRY ELEMENTS (KOHA)
Source of classification or shelving scheme Dewey Decimal Classification
Item type English Books
Call number suffix SAR
Classification part 346.5407
Holdings
Withdrawn status Lost status Not for loan Collection code Home library Current library Date acquired Source of acquisition Cost, normal purchase price Full call number Barcode Copy number Cost, replacement price Koha item type
    Not For Loan Non-fiction D.B.Act.Division Bawana 18/12/2013 DBAD/PUB 190.00 346.5407 SAR EN-92416 1 190.00 English Books
        D.B.Act.Division D.B.Act.Division 24/07/2017     346.5407 SAR       English Books

© Delhi Public Library
Hit Counter
free hit counter